00902 a2200205 45000010006000000050017000060080041000230030015000640400040000790800022001192450035001412640047001763000025002235050259002489420007005075900036005141000027005509990015005779520104005922803720260407155552.0260407a1958 arg spa dAR-UNSa-BCEJYS aAR-UNSa-BCEJYSbspacAR-UNSa-BCEJYS a657xContabilidad10aDigesto del contador público 1aBuenos Aires :bSelección Contablec1958 axxiv, 506 p.c20 cm. a1. Leyes, reglamentos, aranceles y normas profesionales - 2. Actuación profesional técnico contable - 3. Actuación profesional impositiva - 4. Actuación profesional judicial - 5. Actuación profesional en sociedades - 6. Informaciones generales  cBK aniveau_biblio:m niveau_hierar:01 aCaletti, Alberto Mario c1637d1637 00104070aBCEJYSbBCEJYSc16d2026-04-07l0o657 C148pL20024r2026-04-07 15:55:52w2026-04-07yL